00629nam a22002057a 4500003000500000005001700005008004100022010001000063011001000073035001000083040000900093082001600102110004400118245008300162260005900245300001800304490004000322650002100362830004000383CHAP20220817042409.0971013s1979 r 00010 d a43445 a44417 a48555 cCHAP a631.4bM44z aMéxico. Subdirección de Agrología aEstudio agrológico de reconocimiento de la zona lacandona, estado de Chiapas aMéxico, D.F. :bSubdirección de Agrología,c1979 a75 p.b: ilus aSerie estudios. Publicaciónv; 1614aSuelosxChiapas.0 aSerie Estudios. Publicaciónv; 16